000
00302nam a22001097a 4500
082
_a
355
100
_a
Guider
_9
79384
245
_a
10 Practice Sets NDA/NA 3240 MCQS Obj. Ques.
260
_a
नई दिल्ली
_b
Guider Competitive Group
_c
2020
650
_a
Miletry Science
_9
79409
942
_c
BK
999
_c
63010
_d
63010